Melanie Martinez songs by EMOJIS - Statistics

General Stats
  • This quiz has been taken 867 times
  • The average score is 11 of 16
Answer Stats
Hint Answer % Correct
🧼🫧 Soap
94%
πŸ’§πŸ‘Ά Crybaby
93%
πŸ₯”πŸ™†β€β™€οΈ Mrs Potato Head
91%
πŸŸ πŸ§ƒ Orange Juice
87%
πŸ›žπŸšŒ Wheels On The Bus
83%
πŸ«πŸ’‘ Highschool Sweethearts
80%
πŸ”₯🚨 Fire Drill
77%
πŸ·πŸ”™ Piggyback
77%
🧠❀️ Brain & Heart
71%
πŸ’‘πŸšΏ LIGHT SHOWER
70%
πŸŒ™πŸ”„ MOON CYCLE
66%
πŸ₯›πŸ§œβ€β™€οΈ MILK OF THE SIREN
64%
πŸ«šπŸ§β€β™‚οΈ Gingerbread Man
53%
β–ΆοΈπŸ’‘ Play Date
41%
πŸ•³οΈπŸ‘€ TUNNEL VISION
40%
πŸ‘‰πŸ’¬ Show & Tell
19%
No matching quizzes found
Score Distribution
Percent of People with Each Score
Percentile by Number Answered
Your Score History
You have not taken this quiz